[Event "Budapest FS11 FM-B"]
[Site "Budapest"]
[Date "2010.11.14"]
[Round "8"]
[White "Wanger, Tamas"]
[Black "Kron, Gabor"]
[Result "1/2-1/2"]
[WhiteElo "1801"]
[BlackElo "1864"]
[PlyCount "64"]
[EventDate "2010.11.06"]
[EventType "tourn"]
[EventRounds "10"]
[EventCountry "HUN"]
[SourceTitle "EXT 2011"]
[Source "ChessBase"]
[SourceDate "2010.11.26"]
[SourceVersion "1"]
[SourceVersionDate "2010.11.26"]
[SourceQuality "1"]

1. d4 d6 2. c4 Nd7 3. e4 g6 4. Nc3 Bg7 5. Nge2 e5 6. d5 Ne7 7. Ng3 0-0 8. Be2 h6 9. h4 f5 10. exf5 gxf5 11. Nh5 Nf6 12. Nxg7 Kxg7 13. Bd2 c6 14. dxc6 bxc6 15. f4 e4 16. Be3 Be6 17. Qc2 Kh7 18. 0-0-0 d5 19. Bd4 Qa5 20. Rhg1 Rad8 21. Bxf6 Rxf6 22. Qd2 d4 23. Nxe4 Qxd2+ 24. Nxd2 c5 25. Nf3 Rg8 26. Ne5 Ng6 27. Nxg6 Rfxg6 28. Bd3 Rxg2 29. Rxg2 Rxg2 30. Re1 Rg3 31. Kd2 Rg2+ 32. Kc1 Rg3 1/2-1/2

[Event "Budapest FS11 FM-B"]
[Site "Budapest"]
[Date "2010.11.10"]
[Round "5"]
[White "Kron, Gabor"]
[Black "Vecsernyes, Norbert"]
[Result "1/2-1/2"]
[WhiteElo "1864"]
[BlackElo "1894"]
[PlyCount "78"]
[EventDate "2010.11.06"]
[EventType "tourn"]
[EventRounds "10"]
[EventCountry "HUN"]
[SourceTitle "EXT 2011"]
[Source "ChessBase"]
[SourceDate "2010.11.26"]
[SourceVersion "1"]
[SourceVersionDate "2010.11.26"]
[SourceQuality "1"]

1. e4 e6 2. d3 d5 3. Nd2 Nf6 4. g3 b6 5. e5 Nfd7 6. d4 c5 7. c3 Nc6 8. Ne2 b5 9. Bg2 Qb6 10. Nf3 a5 11. 0-0 c4 12. Be3 b4 13. Rb1 Be7 14. Qd2 0-0 15. h3 f6 16. exf6 Nxf6 17. Ne5 Qc7 18. Bf4 Bd6 19. Nxc6 Qxc6 20. Be3 Bb7 21. f4 Bc8 22. Rfe1 Qa4 23. Ra1 Rb8 24. g4 Bd7 25. Ng3 bxc3 26. bxc3 Qa3 27. Rab1 Bc6 28. g5 Nd7 29. Ne2 Nb6 30. h4 Na4 31. Bh3 Bd7 32. Qc2 Rb2 33. Rxb2 Qxb2 34. Qxb2 Nxb2 35. Rb1 Rb8 36. Bc1 Nd3 37. Rxb8+ Bxb8 38. Bd2 Kf7 39. Bg2 g6 1/2-1/2

[Event "Budapest FS11 FM-B"]
[Site "Budapest"]
[Date "2010.11.08"]
[Round "3"]
[White "Kron, Gabor"]
[Black "Wanger, Tamas"]
[Result "1-0"]
[WhiteElo "1864"]
[BlackElo "1801"]
[PlyCount "35"]
[EventDate "2010.11.06"]
[EventType "tourn"]
[EventRounds "10"]
[EventCountry "HUN"]
[SourceTitle "EXT 2011"]
[Source "ChessBase"]
[SourceDate "2010.11.26"]
[SourceVersion "1"]
[SourceVersionDate "2010.11.26"]
[SourceQuality "1"]

1. e4 e6 2. d3 d5 3. Nd2 Nf6 4. g3 c5 5. Bg2 Nc6 6. f4 e5 7. fxe5 Nxe5 8. exd5 Bg4 9. Ngf3 Qxd5 10. 0-0 Bd6 11. Qe1 0-0-0 12. Nxe5 Qxe5 13. Ne4 Qh5 14. Qa5 Bh3 15. Nxd6+ Rxd6 16. Bf4 Rb6 17. Qxa7 Bxg2 18. Qxb6 1-0

[Event "Budapest FS03 FM-B"]
[Site "Budapest"]
[Date "2010.03.06"]
[Round "1"]
[White "Gruz, Janos"]
[Black "Kron, Gabor"]
[Result "1-0"]
[WhiteElo "1946"]
[BlackElo "1854"]
[PlyCount "81"]
[EventDate "2010.03.06"]
[EventType "tourn"]
[EventRounds "9"]
[EventCountry "HUN"]
[SourceTitle "CBM 135 Extra"]
[Source "ChessBase"]
[SourceDate "2010.05.04"]
[SourceVersion "1"]
[SourceVersionDate "2010.05.04"]
[SourceQuality "1"]

1. c4 d6 2. g3 g6 3. Bg2 Bg7 4. Nc3 e5 5. e3 c5 6. Nge2 Nc6 7. 0-0 Nge7 8. Rb1 0-0 9. a3 Be6 10. d3 Rc8 11. Nd5 f5 12. f4 Bf7 13. b4 b6 14. Qd2 Nxd5 15. cxd5 Ne7 16. e4 h6 17. Bb2 Kh7 18. Bc3 Rc7 19. Qb2 cxb4 20. axb4 Qd7 21. fxe5 dxe5 22. Bxe5 Bxe5 23. Qxe5 Nc8 24. Rfc1 Nd6 25. Rxc7 Qxc7 26. Rc1 Qd7 27. Rc6 Nb5 28. Nd4 Nxd4 29. Qxd4 Kg8 30. Qc3 fxe4 31. dxe4 Qg4 32. Bf3 Qg5 33. Kg2 Be8 34. Rc7 Rf7 35. Rxf7 Kxf7 36. e5 Qd8 37. e6+ Ke7 38. Qg7+ Kd6 39. Qxh6 a5 40. Qf4+ Ke7 41. Qg5+ 1-0

[Event "Budapest FS11 FM-B"]
[Site "Budapest"]
[Date "2009.11.13"]
[Round "7"]
[White "Csata, Marcell"]
[Black "Kron, Gabor"]
[Result "1/2-1/2"]
[WhiteElo "1891"]
[BlackElo "1838"]
[PlyCount "45"]
[EventDate "2009.11.07"]
[EventType "tourn"]
[EventRounds "9"]
[EventCountry "HUN"]
[SourceTitle "EXT 2010"]
[Source "ChessBase"]
[SourceDate "2010.11.25"]
[SourceVersion "1"]
[SourceVersionDate "2010.11.25"]
[SourceQuality "1"]

1. e4 c6 2. d4 d5 3. Nc3 dxe4 4. Nxe4 Nd7 5. Nf3 Ngf6 6. Ng3 e6 7. Bf4 Be7 8. a3 b6 9. c4 Bb7 10. Be2 c5 11. dxc5 Nxc5 12. b4 Nce4 13. Qa4+ Qd7 14. Qxd7+ Nxd7 15. Nxe4 Bxe4 16. 0-0 0-0 17. Rad1 Nf6 18. Rd2 Rfd8 19. Rfd1 Rxd2 20. Rxd2 a5 21. Bd6 Kf8 22. b5 Rc8 23. Ne5 1/2-1/2

[Event "Budapest FS11 FM-B"]
[Site "Budapest"]
[Date "2009.11.08"]
[Round "2"]
[White "Kron, Gabor"]
[Black "Hetesi, Zoltan"]
[Result "1-0"]
[WhiteElo "1838"]
[BlackElo "1547"]
[PlyCount "45"]
[EventDate "2009.11.07"]
[EventType "tourn"]
[EventRounds "9"]
[EventCountry "HUN"]
[SourceTitle "EXT 2010"]
[Source "ChessBase"]
[SourceDate "2010.11.25"]
[SourceVersion "1"]
[SourceVersionDate "2010.11.25"]
[SourceQuality "1"]

1. g3 d5 2. Bg2 e5 3. d3 c5 4. Nd2 Nf6 5. e4 Bg4 6. f3 Be6 7. Nh3 Nc6 8. 0-0 Bd6 9. Nf2 Qd7 10. f4 exf4 11. gxf4 Bxf4 12. Re1 d4 13. Nf3 Bc7 14. c3 Bg4 15. h3 Bh5 16. Bg5 Ne5 17. cxd4 Nxf3+ 18. Bxf3 Bxf3 19. Qxf3 Qxd4 20. e5 Bxe5 21. Bxf6 gxf6 22. Qxf6 Rg8+ 23. Kf1 1-0

[Event "Budapest FS11 FM-B"]
[Site "Budapest"]
[Date "2008.11.06"]
[Round "2.1"]
[White "Kron, Gabor"]
[Black "Dobos, Otto"]
[Result "1/2-1/2"]
[WhiteElo "1870"]
[BlackElo "1824"]
[PlyCount "31"]
[EventDate "2008.11.01"]
[EventType "tourn"]
[EventRounds "10"]
[EventCountry "HUN"]
[SourceTitle "EXT 2009"]
[Source "ChessBase"]
[SourceDate "2008.11.26"]
[SourceVersion "1"]
[SourceVersionDate "2008.11.26"]
[SourceQuality "1"]

1. d4 d6 2. c3 Nd7 3. Nf3 g6 4. Bf4 Bg7 5. h3 e5 6. dxe5 dxe5 7. Bg3 Ne7 8. e3 0-0 9. Bc4 h6 10. 0-0 Kh7 11. Qc2 f5 12. Rd1 Qe8 13. Nbd2 e4 14. Nd4 Ne5 15. Be2 c5 16. Nb5 1/2-1/2